Instrutional workshop on the advanced aspects of general relativity (Record no. 11802)

MARC details
000 -LEADER
fixed length control field 00533nam a2200157Ia 4500
003 - CONTROL NUMBER IDENTIFIER
control field IN-BaIIA
008 - FIXED-LENGTH DATA ELEMENTS--GENERAL INFORMATION
fixed length control field 211028s9999 xx 000 0 eng d
040 ## - CATALOGING SOURCE
Transcribing agency IIA Library
080 ## - UNIVERSAL DECIMAL CLASSIFICATION NUMBER
Universal Decimal Classification number 530.12(063)
Item number JAD
110 ## - MAIN ENTRY--CORPORATE NAME
Corporate name or jurisdiction name as entry element Jadavpur University
9 (RLIN) 20484
245 #0 - TITLE STATEMENT
Title Instrutional workshop on the advanced aspects of general relativity
Remainder of title vol 1
Statement of responsibility, etc. Jadavpur University
260 ## - PUBLICATION, DISTRIBUTION, ETC.
Place of publication, distribution, etc. Calcutta
Name of publisher, distributor, etc. Jadavpur University
Date of publication, distribution, etc. 1989
300 ## - PHYSICAL DESCRIPTION
Extent [various pagings.]
650 ## - SUBJECT ADDED ENTRY--TOPICAL TERM
Topical term or geographic name entry element General Relativity
9 (RLIN) 3824
942 ## - ADDED ENTRY ELEMENTS (KOHA)
Koha item type Books
Holdings
Withdrawn status Lost status Damaged status Not for loan Home library Current library Shelving location Date acquired Total Checkouts Full call number Barcode Date last seen Price effective from Koha item type
        IIA Library-Bangalore IIA Library-Bangalore General Stacks 15/07/1996   530.12(063)/ JAD 12717 05/11/2021 15/07/1996 Books

Powered by Koha